书目信息 |
| 题名: |
建筑设备
|
|
| 作者: | 赵丙峰 , 庄中霞 主编 | |
| 分册: | ||
| 出版信息: | 北京 中国水利水电出版社 2007.03 |
|
| 页数: | 291页 | |
| 开本: | 26cm | |
| 丛书名: | ||
| 单 册: | ||
| 中图分类: | TU8 | |
| 科图分类: | ||
| 主题词: | 房屋建筑设备--fang wu jian zhu she bei--高等学校 : 技术学校--教材 | |
| 电子资源: | ||
| ISBN: | 978-7-5084-4432-1 | |
| 000 | 00892nam0 2200253 450 | |
| 001 | 012007352806 | |
| 005 | 20070927103225.71 | |
| 010 | @a978-7-5084-4432-1@dCNY28.00 | |
| 100 | @a20070710d2007 km y0chiy0120 ea | |
| 101 | 0 | @achi |
| 102 | @aCN@b110000 | |
| 105 | @aa a 000yy | |
| 200 | 1 | @a建筑设备@Ajian zhu she bei@f赵丙峰, 庄中霞主编@Fzhao bing feng,zhuang zhong xia zhu bian |
| 210 | @a北京@c中国水利水电出版社@d2007.03 | |
| 215 | @a291页@c图@d26cm | |
| 300 | @a全国高职高专土建类精品规划教材 | |
| 320 | @a有书目 (第291页)。 | |
| 330 | @a本书内容包括:室外给排水工程概述、建筑给水、热水及饮水供应、建筑排水、建筑给排水施工图与系统管理等。 | |
| 606 | 0 | @a房屋建筑设备@Afang wu jian zhu she bei@x高等学校 : 技术学校@j教材 |
| 690 | @aTU8@v4 | |
| 701 | 0 | @a赵丙峰@Azhao bing feng@4主编 |
| 701 | 0 | @a庄中霞@Azhuang zhong xia@4主编 |
| 801 | 0 | @aCN@c20070927 |
| 905 | @dTU8@eZ291 | |
| 建筑设备/赵丙峰, 庄中霞主编.-北京:中国水利水电出版社,2007.03 |
| 291页:图;26cm |
| 全国高职高专土建类精品规划教材 |
| ISBN 978-7-5084-4432-1:CNY28.00 |
| 本书内容包括:室外给排水工程概述、建筑给水、热水及饮水供应、建筑排水、建筑给排水施工图与系统管理等。 |
| ● |
| 相关链接 |
|
|
|
正题名:建筑设备
索取号:TU8/Z291
 
预约/预借
| 序号 | 登录号 | 条形码 | 馆藏地/架位号 | 状态 | 备注 |
| 1 | 244831 | 202448315 | 建筑库201/201建筑库 49排1列5层/ [索取号:TU8/Z291] | 在馆 | |
| 2 | 244832 | 202448324 | 建筑库201/201建筑库 49排1列5层/ [索取号:TU8/Z291] | 在馆 | |
| 3 | 244833 | 202448333 | 建筑库201/201建筑库 49排1列5层/ [索取号:TU8/Z291] | 在馆 |